| 000 | 00872nam a22002177a 4500 | ||
|---|---|---|---|
| 010 | _a1617CH-EN | ||
| 020 |
_a9789382454373 _c145.00 |
||
| 035 | _aB-646647-659 | ||
| 035 | _aB-664777 | ||
| 037 |
_aDPL _bStar/Ven. |
||
| 082 | _aS | ||
| 100 | _aLewin, Hugh | ||
| 245 |
_aJafta / _cby Hugh Lewin; illustrated by Lisa Kopper |
||
| 260 |
_bKatha _c2015 _aNew Delhi |
||
| 270 |
_aA3 Sarvodaya Enclave, Sri Aurobindo Marg, _bNew Delhi _e110017 |
||
| 300 |
_a34p. _c25cm(pbk) |
||
| 700 | _aKopper, Lisa | ||
| 942 |
_2ddc _cCH _mLEW _hS |
||
| 999 |
_c100864 _d100864 |
||